000 00702nas a2200217 4500
001 BR8703457
003 BR-BrBNA
005 20231205090658.0
007 ta
008 230509b bl.|||p| |||| 00| 00por d
040 _aBR-BrBNA
_bpor
_cBiblioteca Nacional de Agricultura
041 _a(Pt)
072 _aL73
110 1 _aInstituto Estadual de Saude Animal, Belo Horizonte, MG (Brasil)
_96338
245 1 _aFaca voce mesmo sarnicida. Anti-sarnico a base de "sulfureto de calcio concentrado"
650 _aSARNA ANIMAL
650 _aCONTROLE QUIMICO
773 0 _tIESACAO (Brazil)
_x
_g(May-Jun 1982), (no. 18) p. 7
_wBR8703457
909 _a202311
_bLúcia
_c55
_dLúcia Elande
942 _2AGRIS
_n0
_cANA
999 _c120207
_d120207